Представление документа в формате MARC21

ПолеНазваниеЗначение
  Тип записи a
  Библиографический уровень m
001 Контрольный номер RU/URAIT/582661
005 Дата корректировки 20260429163611.0
008 Кодируемые данные 260429s2026 RU y f j 000 0 rus u
020 Индекс ISBN __
a ISBN 978-5-534-03433-2
c Цена, тираж 869.00
040 Источник каталогиз. __
a Служба первич. каталог. ИКО Юрайт
c Служба, преобразующая запись ИКО Юрайт
e Правила каталог. RCR
041 Код языка издания __
a Код языка текста rus
044 Код страны публикации __
a Код страны публикации RU
080 Индекс УДК __
a Индекс УДК 34
084 Индекс другой классификации/Индекс ББК __
2 Источник индекса rubbk
a Индекс другой классификации/Индекс ББК 67.0
100 Автор __
a Автор Васильева Т. А.
q Полное имя Васильева Татьяна Андреевна
245 Заглавие __
a Заглавие Как написать закон
b Продолж. заглавия - (отсутствует)
c Ответственность Т. А. Васильева.
250 Сведения об издании __
g пер. и доп
a Основные сведения об издании 3-е изд.
256 Характеристики компьютерного файла __
a Характеристики компьютерного файла Электрон. дан.
260 Выходные данные __
a Место издания Москва
b Издательство Юрайт
c Дата издания 2026
300 Физическое описание __
a Объем 182 с
440 Серия __
a Серия Консультации юриста
500 Примечания __
a Примечание URL: https://urait.ru/bcode/582661 (дата обращения: 29.04.2026).
520 Аннотация __
a Аннотация «Как написать закон» — третья книга серии «Профессиональные навыки юриста». В ней показаны специфика закона как правового акта и требования, предъявляемые к его качеству, особенности подготовки текста законопроекта и документов, необходимых для его внесения. В издании раскрываются основные правила, касающиеся языка и стиля закона, содержания и способов изложения нормативных предписаний, которые необходимо соблюдать при подготовке его текста. Для преподавателей, аспирантов и студентов юридических вузов, тех, кто участвует в подготовке и экспертизе законопроектов. Книга может быть также полезна всем, кто интересуется вопросами правотворчества и юридической техники.
538 Прим. о системных особенностях __
a Прим. о системных особенностях Режим доступа: Электронно-библиотечная система Юрайт, для авториз. пользователей
653 Ключевые слова __
a Ключевые слова Муниципальное право
653 Ключевые слова __
a Ключевые слова Юридические науки
653 Ключевые слова __
a Ключевые слова Теория государства и права
653 Ключевые слова __
a Ключевые слова Конституционное право России
653 Ключевые слова __
a Ключевые слова Общая теория права и государства
653 Ключевые слова __
a Ключевые слова Основы государства и права
653 Ключевые слова __
a Ключевые слова Правотворчество
653 Ключевые слова __
a Ключевые слова Правотворчество и законодательный процесс
653 Ключевые слова __
a Ключевые слова Общая теория государства и права
856 Электронный адрес документа 40
n Местонахождение сервера Юрайт
g Электронная книга
q Тип электронного формата html
h Имя пользователя ЮРАЙТ
v Часы доступа к ресурсу 20271231
2 Способ доступа Показать документ
x Служебное примечание https://urait.ru/book/cover/342EF858-59C7-4072-9DB3-481E82652909
u URL https://urait.ru/bcode/582661
856 Электронный адрес документа 48
q Тип электронного формата cover
u URL https://urait.ru/book/cover/342EF858-59C7-4072-9DB3-481E82652909
911 __
u 0030=https://urait.ru/bcode/582661
911 __
u 073a=9785534034332
u 073d=869.00
911 __
u 106a=s
911 __
u 900l=
952 Тип литературы __
i Дисциплина Теория государства и права
952 Тип литературы __
i Дисциплина Конституционное право России
952 Тип литературы __
i Дисциплина Общая теория права и государства
952 Тип литературы __
i Дисциплина Основы государства и права
952 Тип литературы __
i Дисциплина Правотворчество
952 Тип литературы __
i Дисциплина Правотворчество и законодательный процесс
952 Тип литературы __
i Дисциплина Общая теория государства и права